Komunikatívne kompetencie: výzva cudzojazyčného vzdelávania 21. storočia

Autorka sa podrobnejšie zaoberá čiastkovými kompetenciami účastníka komunikácie v medzinárodnom interkultúrnom prostredí a ich významom pre úspech firmy na globálnom trhu.

Salvato in:
Dettagli Bibliografici
Autore principale: Helmová, Milena, 1954-
Natura: Capitolo di libro
Lingua:slovacco
Soggetti:
Tags: Aggiungi Tag
Nessun Tag, puoi essere il primo ad aggiungerne!!

MARC

LEADER 00000nla a2200000 4500
001 0177735
005 20240502083419.8
041 0 |a slo 
044 |a CZ 
245 1 0 |a Komunikatívne kompetencie: výzva cudzojazyčného vzdelávania 21. storočia  |c Milena Helmová 
520 |a Autorka sa podrobnejšie zaoberá čiastkovými kompetenciami účastníka komunikácie v medzinárodnom interkultúrnom prostredí a ich významom pre úspech firmy na globálnom trhu. 
610 2 0 |a trh medzinárodný 
610 2 0 |a trh svetový 
610 2 0 |a globalizácia 
610 2 0 |a komunikácia interkultúrna 
610 2 0 |a komunikácia multikultúrna 
610 2 0 |a jazyky cudzie 
100 1 |a Helmová, Milena, 1954-